Maple V programming guide / (Record no. 14505)

000 -LEADER
fixed length control field 00512cam a2200205 a 4500
020 ## - INTERNATIONAL STANDARD BOOK NUMBER
ISBN 0387983988
020 ## - INTERNATIONAL STANDARD BOOK NUMBER
ISBN 9780387983981
020 ## - INTERNATIONAL STANDARD BOOK NUMBER
ISBN 0387984003
020 ## - INTERNATIONAL STANDARD BOOK NUMBER
ISBN 9780387984001
040 ## - CATALOGING SOURCE
Transcribing agency DLC
082 00 - DEWEY DECIMAL CLASSIFICATION NUMBER
Classification number 510 MON 1998 A061 Or.
245 00 - TITLE STATEMENT
Title Maple V programming guide /
300 ## - PHYSICAL DESCRIPTION
Number of Pages xi, 379 pages :
Other physical details illustrations ;
Dimensions 24 cm
500 ## - GENERAL NOTE
General note On cover: Waterloo Maple
500 ## - GENERAL NOTE
General note Includes index
650 #0 - SUBJECT ADDED ENTRY--TOPICAL TERM
Topical Term Algebra
700 1# - ADDED ENTRY--PERSONAL NAME
Personal name Monagan, M. B
710 2# - ADDED ENTRY--CORPORATE NAME
Corporate name or jurisdiction name as entry element Waterloo Maple Software
942 ## - ADDED ENTRY ELEMENTS (KOHA)
Koha item type សៀវភៅភាសាអង់គ្លេស
952 ## - LOCATION AND ITEM INFORMATION (KOHA)
Withdrawn status [LOCAL, KOHA] 0
Holdings
Permanent Location Date acquired Koha item type Lost status Shelving location Barcode Current Location Full call number
Library Block A2017-10-18សៀវភៅភាសាអង់គ្លេស A061A21687Library Block A510 MON 1998 A061 Or.
មជ្ឈមណ្ឌលឯការនៃសាកលវិទ្យាល័យភូមិន្ទកសិកម្មចំការដូង

Powered by Koha